Концепт ворога у міфологічній картині світу за трилогією Дж.Р.Р.Толкієна "Володар Кілець" (Запис № 282599)

МАРК-запис
000 -LEADER
fixed length control field 01791nam a22001577a 4500
041 ## - LANGUAGE CODE
Language code of text/sound track or separate title ukr
080 ## - UNIVERSAL DECIMAL CLASSIFICATION NUMBER
Universal Decimal Classification number 09
090 ## - LOCALLY ASSIGNED LC-TYPE CALL NUMBER (OCLC); LOCAL CALL NUMBER (OCLC)
Local cutter number (OCLC) ; Book number/undivided call number, CALL (RLIN) ПЕТ
100 ## - MAIN ENTRY--PERSONAL NAME
Personal name Петрищук І. І.
245 ## - TITLE STATEMENT
Title Концепт ворога у міфологічній картині світу за трилогією Дж.Р.Р.Толкієна "Володар Кілець"
260 ## - PUBLICATION, DISTRIBUTION, ETC. (IMPRINT)
Place of publication, distribution, etc Острог
Name of publisher, distributor, etc КАФ
Date of publication, distribution, etc 2004
300 ## - PHYSICAL DESCRIPTION
Extent 40
520 ## - SUMMARY, ETC.
Summary, etc Розділ 1. Особливості художньої літератури жанру фентезі.<br/>1.1. Стиль фентезі, як окремий стиль художньої літератури.<br/>1.2. Стилістичні особливості літератури стилю фентезі.<br/>1.3. Лексичні особливості стилю фентезі.<br/>Розділ 2. Міфологічна картина світу Середземелля.<br/>2.1. Лінгвістичні засоби вираження міфологічної картини світу.<br/>2.1.1. Використання метафор у трилогії Дж.Р.Р.Толкієна.<br/>2.1.2. Використання метонімії (антропонімів) у трилогії Дж.Р.Р.Толкієна.<br/>2.2. Лінгвістична та концептуальна картина світу Середземелля.<br/>Розділ 3. Лексико-семантичне значення концепту ворог в трилогії Толкієна "Володар кілець".<br/>3.1. Семантичне групування лексики.<br/>3.2. Групування лксики у трилогії Дж.Р.Р.Толкієна "Володар кілець".
-- Стиль, особливість, фентезі.
650 ## - SUBJECT ADDED ENTRY--TOPICAL TERM
Topical term or geographic name as entry element Research Papers
942 ## - ADDED ENTRY ELEMENTS (KOHA)
Koha item type Книги
Фонди
Withdrawn status Lost status Source of classification or shelving scheme Damaged status Not for loan Home library Current library Date acquired Source of acquisition Coded location qualifier Cost, normal purchase price Total Checkouts Full call number Barcode Date last seen Price effective from Koha item type
    Universal Decimal Classification     ВІЛ - Відділ іноземн. літератури НБ ВІЛ - Відділ іноземн. літератури НБ 08/08/2005 Акт В12 1.00   09 210161 15/12/2021 16/12/2004 Книги